[Event "Frankfurt-chA"]
[Site "Frankfurt"]
[Date "2019.06.17"]
[Round "7"]
[White "Hedrich, Gerd Ernst"]
[Black "Lopez, Victor"]
[Result "1/2-1/2"]
[WhiteElo "1317"]
[BlackElo "1548"]
[PlyCount "115"]
[EventDate "2019.04.29"]
[EventType "swiss"]
[EventRounds "7"]
[EventCountry "GER"]
[SourceTitle "EXT 2020"]
[Source "ChessBase"]
[SourceDate "2019.10.17"]
[SourceVersion "1"]
[SourceVersionDate "2019.10.17"]
[SourceQuality "1"]

1. Nf3 d5 2. d4 c6 3. c4 Nf6 4. e3 Bf5 5. Qb3 Qb6 6. Nbd2 e6 7. Be2 Nbd7 8. c5 Qc7 9. Nh4 Be7 10. Nxf5 exf5 11. Qc2 g6 12. a3 0-0 13. Nf3 a5 14. b3 b6 15. cxb6 Qxb6 16. Bb2 Rab8 17. Bd1 c5 18. dxc5 Qxc5 19. 0-0 Ng4 20. Qd3 Bf6 21. Rc1 Qd6 22. Bxf6 Ngxf6 23. Nd4 Qxa3 24. Be2 Nc5 25. Qc3 Nfe4 26. Ra1 Nxc3 27. Rxa3 Nxe2+ 28. Nxe2 Nxb3 29. Rd1 Nd2 30. Ra2 Ne4 31. f3 Nf6 32. Rxa5 Rb3 33. Kf2 Re8 34. Nf4 Rb2+ 35. Kf1 Rxe3 36. Ra6 Kg7 37. Rxf6 Kxf6 38. Nxd5+ Kg5 39. Nxe3 f4 40. Nc4 Rc2 41. Ne5 Kf6 42. Ng4+ Kg7 43. Nf2 h6 44. h4 h5 45. Nh3 Rc4 46. Ke2 f6 47. Rd7+ Kh6 48. Rd6 Rc2+ 49. Kf1 Rc1+ 50. Kf2 Rc2+ 51. Kg1 Kg7 52. Nxf4 Rc4 53. Ne6+ Kf7 54. Nd4 g5 55. hxg5 fxg5 56. Nf5 Rf4 57. Ng3 h4 58. Nh5 1/2-1/2

[Event "Frankfurt-chA"]
[Site "Frankfurt"]
[Date "2019.05.27"]
[Round "5"]
[White "Ackermann, Robert2222"]
[Black "Lopez, Victor"]
[Result "1-0"]
[WhiteElo "1664"]
[BlackElo "1548"]
[PlyCount "115"]
[EventDate "2019.04.29"]
[EventType "swiss"]
[EventRounds "7"]
[EventCountry "GER"]
[SourceTitle "EXT 2020"]
[Source "ChessBase"]
[SourceDate "2019.10.17"]
[SourceVersion "1"]
[SourceVersionDate "2019.10.17"]
[SourceQuality "1"]

1. Nf3 d5 2. c4 Nf6 3. g3 d4 4. d3 Nc6 5. Bg2 e5 6. 0-0 Be7 7. a3 a5 8. e3 Bg4 9. h3 Bxf3 10. Bxf3 a4 11. b3 axb3 12. Qxb3 Na5 13. Qc2 0-0 14. exd4 exd4 15. Bb2 Rb8 16. Nd2 Qd7 17. Bg2 c5 18. Nf3 Bd6 19. Bc1 b5 20. Bd2 Nc6 21. cxb5 Rxb5 22. Rfb1 Rfb8 23. Rxb5 Rxb5 24. a4 Rb6 25. a5 Ra6 26. Qc4 Qa7 27. Ng5 Ne5 28. Qb5 h6 29. Ne4 Bf8 30. Bf4 Ned7 31. Nd2 g5 32. Bc7 Ne8 33. Qxd7 Nxc7 34. Nc4 Re6 35. Be4 Qb8 36. Nb6 Na6 37. Qb7 Qxb7 38. Bxb7 Nc7 39. Na8 Bd6 40. Nxc7 Bxc7 41. a6 Bb6 42. a7 Bxa7 43. Rxa7 Re7 44. Ra8+ Kg7 45. Bd5 Rc7 46. Bc4 f5 47. Ra6 h5 48. Kg2 Re7 49. Re6 Rc7 50. Kf3 Rc8 51. Re7+ Kg6 52. Re6+ Kg7 53. Bb5 Rc7 54. Rc6 Rxc6 55. Bxc6 Kf6 56. Be8 h4 57. gxh4 gxh4 58. Kf4 1-0

[Event "Frankfurt-chA"]
[Site "Frankfurt"]
[Date "2018.04.30"]
[Round "1"]
[White "Lopez, Victor"]
[Black "Li, Maxim"]
[Result "0-1"]
[WhiteElo "1586"]
[BlackElo "1910"]
[PlyCount "92"]
[EventDate "2018.04.30"]
[EventType "swiss"]
[EventRounds "7"]
[EventCountry "GER"]
[SourceTitle "EXT 2019"]
[Source "ChessBase"]
[SourceDate "2018.10.10"]
[SourceVersion "1"]
[SourceVersionDate "2018.10.10"]
[SourceQuality "1"]

1. e4 e6 2. d4 d5 3. exd5 exd5 4. Nf3 Nf6 5. Bg5 h6 6. Bh4 Be7 7. Bd3 Bg4 8. Nbd2 0-0 9. 0-0 Re8 10. c3 Nbd7 11. Qc2 c5 12. Bf5 Bxf5 13. Qxf5 g6 14. Qc2 c4 15. Ne5 Nxe5 16. dxe5 Ng4 17. Bg3 Bh4 18. Bxh4 Qxh4 19. Nf3 Qh5 20. Qd2 Nxe5 21. Qxd5 Nxf3+ 22. Qxf3 Qxf3 23. gxf3 Re2 24. b3 Rc8 25. Rfc1 Rb2 26. b4 Rd8 27. a4 Rdd2 28. Rf1 Rd3 29. Rac1 Rxf3 30. Kg2 Rd3 31. Rfd1 Rdd2 32. Rxd2 Rxd2 33. Kf3 f5 34. Re1 Kf7 35. a5 g5 36. Re5 Rd3+ 37. Kg2 f4 38. Rb5 Rxc3 39. Rxb7+ Ke6 40. Rxa7 Rb3 41. Ra6+ Kd5 42. Rxh6 Rxb4 43. Rh5 c3 44. Rxg5+ Kd4 45. Rg8 c2 46. Rc8 Rc4 0-1

[Event "Eschborn op"]
[Site "Eschborn"]
[Date "2016.09.04"]
[Round "4"]
[White "Klueber, Leon"]
[Black "Lopez, Victor"]
[Result "0-1"]
[WhiteElo "987"]
[BlackElo "1586"]
[PlyCount "120"]
[EventDate "2016.09.02"]
[EventType "swiss"]
[EventRounds "5"]
[EventCountry "GER"]
[SourceTitle "EXT 2018"]
[Source "ChessBase"]
[SourceDate "2017.10.13"]
[SourceVersion "1"]
[SourceVersionDate "2017.10.13"]
[SourceQuality "1"]

1. e4 c6 2. d4 d5 3. e5 Bf5 4. Nf3 e6 5. Be2 Nd7 6. 0-0 Ne7 7. Bg5 h6 8. Bh4 Qc7 9. c3 Ng6 10. Bg3 Be7 11. h3 0-0 12. Nbd2 Qd8 13. Rc1 Nh4 14. Nxh4 Bxh4 15. Bxh4 Qxh4 16. Nf3 Qe7 17. Qb3 Rab8 18. c4 dxc4 19. Bxc4 Nb6 20. Nh2 Qg5 21. Rfe1 Rfd8 22. Qe3 Qg6 23. Rc3 Nd5 24. Bxd5 Rxd5 25. g4 Rbd8 26. Rd1 c5 27. Nf3 Bxg4 28. hxg4 Qxg4+ 29. Kf1 cxd4 30. Rxd4 Rxd4 31. Nxd4 Qd1+ 32. Kg2 Rxd4 33. Rc8+ Kh7 34. f3 h5 35. Rc7 Rd7 36. Qe4+ g6 37. Rxb7 Rd2+ 38. Kh3 Qh1+ 39. Kg3 Rg2+ 40. Kf4 Qh2+ 41. Ke3 Re2+ 42. Kd3 Rxe4 43. Kxe4 Qc2+ 44. Kf4 Qf5+ 45. Kg3 Qxe5+ 46. Kh4 Qf4+ 47. Kh3 Qxf3+ 48. Kh2 Qxb7 49. a3 Qxb2+ 50. Kg3 Qxa3+ 51. Kf4 Qc5 52. Kg3 Qd4 53. Kf3 a6 54. Kg2 Qe3 55. Kh1 Qe2 56. Kg1 a5 57. Kh1 a4 58. Kg1 a3 59. Kh1 a2 60. Kg1 a1R# 0-1

[Event "Eschborn op 11th"]
[Site "Eschborn"]
[Date "2014.09.06"]
[Round "4"]
[White "Giebitz, Walter"]
[Black "Lopez, Victor"]
[Result "0-1"]
[WhiteElo "1341"]
[BlackElo "1467"]
[PlyCount "108"]
[EventDate "2014.09.05"]
[EventType "swiss"]
[EventRounds "5"]
[EventCountry "GER"]
[SourceTitle "EXT 2015"]
[Source "ChessBase"]
[SourceDate "2014.11.20"]
[SourceVersion "1"]
[SourceVersionDate "2014.11.20"]
[SourceQuality "1"]

1. e4 e5 2. Nf3 Nc6 3. Nc3 Nf6 4. Bc4 Bc5 5. d3 h6 6. 0-0 d6 7. h3 0-0 8. a3 a6 9. Be3 Re8 10. Qd2 Bxe3 11. Qxe3 b5 12. Ba2 Bd7 13. Nd5 Rb8 14. b4 Nxd5 15. Bxd5 Ne7 16. Bb3 Ng6 17. Kh2 Qc8 18. Ng1 c5 19. c4 Nf4 20. Qf3 Be6 21. Rac1 Re7 22. Rc3 bxc4 23. Bxc4 cxb4 24. axb4 Rxb4 25. Rfc1 Bxc4 26. Rxc4 Rxc4 27. Rxc4 Rc7 28. Rxc7 Qxc7 29. Qd1 Qb6 30. Qc2 g6 31. Nf3 a5 32. g3 Ne6 33. Kg2 Nd4 34. Qc8+ Kg7 35. Nh4 Ne6 36. Qc2 Qd8 37. Qd1 Qe8 38. Qg4 Kh7 39. f4 exf4 40. gxf4 Nd4 41. f5 g5 42. Nf3 Nxf3 43. Qxf3 Qe5 44. Qh5 Kg7 45. Qg4 Qb2+ 46. Kf3 Qd2 47. f6+ Kxf6 48. Qf5+ Kg7 49. e5 Qf4+ 50. Qxf4 gxf4 51. exd6 Kf6 52. Kxf4 a4 53. d4 Ke6 54. d5+ Kxd6 0-1